Normal view MARC view
  • Graphic methods

Entry Topical Term

Number of records used in: 5

001 - CONTROL NUMBER

  • control field: 1659

003 - CONTROL NUMBER IDENTIFIER

  • control field: NUST

005 - DATE AND TIME OF LATEST TRANSACTION

  • control field: 20170530135839.0

008 - FIXED-LENGTH DATA ELEMENTS

  • fixed length control field: 170530|| aca||aabn | a|a d

040 ## - CATALOGING SOURCE

  • Original cataloging agency: NUST
  • Transcribing agency: NUST

150 ## - HEADING--TOPICAL TERM

  • Topical term or geographic name entry element: Graphic methods
  • General subdivision: Computer programs.

670 ## - SOURCE DATA FOUND

  • Source citation: Work cat.: (NUST)0: Yau, Nathan. 1656, Visualize this :, c2011.
© 2023 Central Library, National University of Sciences and Technology. All Rights Reserved.